00398 2200145 4500001002100000008004100021035002000062245006700082260003900149300001500188084001600203082001000219650001000229990001300239INLIS000000000000093 ind  a0010-0921000093 aSelamatkan Anak Cucu Kita dari PemurtadancInsan LS Mokoginata aJakarta :bYayasan Birrul Walidain a228c22 cm a741.3 INS s a741.3 aKomik aDI. 2224